000 01329cam a22003857a 4500
001 000078084
003 CHAP
005 20220329141904.0
008 980417s1997 mx a r 00010 spa d
010 _a75319
011 _a76291
035 _a85870
040 _cCHAP
082 1 4 _a632.95
_bM53
100 0 0 _aMendoza Zamora, Cecilio
_eed.
_974770
245 1 0 _aCertificación de estudios de efectividad biológica de plaguicidas :
_bmemoria /
_c/ed. por Cecilio Mendoza Zamora.
260 0 _aChapingo, Méx. :
_bUACH. Departamento de Parasitología Agrícola,
_c1997.
300 _a279 p. :
_bilus. ; gráfs. ; cuadros.
590 _aBATCH-UPD
_b10
_c20130110
_lUCH01
_h0228
590 _aBATCH-UPD
_b10
_c20130110
_lUCH01
_h1752
590 _aBATCH-UPD
_b10
_c20130410
_lUCH01
_h1130
590 _aBATCH-UPD
_b10
_c20130914
_lUCH01
_h1647
590 _aCONVERSION
_b10
_c20130109
_lUCH01
_h1341
590 _aE5765TAJ
_b05
_c20150610
_lUCH01
_h0937
650 1 4 _aInsecticidas biológicos.
_958883
650 1 4 _aPesticidas
_xAnálisis.
_987538
650 1 4 _aPesticidas
_xLeyes.
_987561
650 1 4 _aPesticidas
_xPruebas.
_987568
650 1 4 _aSanidad vegetal.
_9102224
901 _aBK
905 _aLilia Sánchez G.
942 _cLIBRO
942 _n0
949 _a632.95 M44
_bBC
_cCONG
_d858701
_eCONG
_h93062
_i85870
_kDonaciØn
_sb
999 _c75319
_d75319